000 01318nam0a22003491 4500
001 RU\NLR\INFOCOMM_161\5000030349
005 20250613090633.0
035 _a(NLR Aleph) 009074177
090 _a7941583
_c7941583
100 _a20081101d1980 |||y0rusy50 ca
101 0 _afre
102 _aRU
105 _ay z 000zy
200 1 _aUnis dans le travail
_f[Степан Асланян, Алексей Кривель, Нэрэнгийн Мягмар]
210 _aM.
_cProfizdat
_d1980
215 _a48 с.
_d16 см
225 1 _aLa coopération des syndicats de l'URSS et de la Rep. popul. de Mongolie
300 _aВ вып. дан.: В труде - в одной бригаде
300 _aАвт. указаны в вып. дан.
517 1 _aВ труде - в одной бригаде
606 _aПромышленное строительство
_yМонгольская Народная Республика
_2nlr_sh1
686 _aУ31(2)853.0(5МО)
_2rubbk
686 _aУ31(5МО)853.0(2)
_2rubbk
700 1 _aAslanjan
_bS.
_gStepan
_4070
701 1 _aKrivel'
_bA. M.
_gAleksej Mitrofanovič
_4070
701 1 _aMjagmar
_bN.
_gNéréngijn
_4070
801 1 _aRU
_bNLR
_c20081101
801 0 _aRU
_bNLR
_gPSBO
852 _aNLR
_jЭк41 Д-2/52
942 _cBOOK
980 _aNB